| 000 | 00888nam a22002057a 4500 | ||
|---|---|---|---|
| 003 | BUBTL | ||
| 008 | 230508b ||||| |||| 00| 0 eng d | ||
| 020 | _a9844101085 | ||
| 082 | _a491.44/ Sh139b/ 1998 | ||
| 100 |
_95311 _aশহীদুল্লাহ, মুহম্মদ |
||
| 245 |
_aবাঙ্গালা ভাষার ইতিবৃত্ত / _cমুহম্মদ শহীদুল্লাহ |
||
| 250 | _a1st Edn. | ||
| 260 |
_aঢাকা: _bমাওলা ব্রাদার্স, _cc1998 |
||
| 300 |
_a160 p.: _c22 cm. |
||
| 505 | _aবাঙ্গালা ভাষার ইতিবৃত্ত, ডক্টর মুহম্মদ শহীদুল্লাহ, বাংলা ভাষা | ||
| 650 | 0 |
_95139 _aবাংলা ভাষা |
|
| 856 |
_k0 _l0 _yDownload |
||
| 942 |
_2ddc _cBK |
||
| 999 |
_c7039 _d7039 |
||